Statistics for 10 Biggest cities in Nicaragua

Click here to take the quiz!

General Stats

  • This quiz has been taken 19 times
  • The average score is 4 of 10

Answer Stats

PopulationCity% Correct
975 000Managua
100%
145 000Leon
72%
90 000Granada
56%
95 000Esteli
44%
130 000Masaya
33%
125 000Chinandega
33%
110 000Matagalpa
33%
75 000Jinotega
28%
125 000Tipitapa
11%
70 000Cuidad Sandino
0%

Score Distribution

Percentile by Number Answered

Percent of People with Each Score

Your Score History

You have not taken this quiz